A panorama of Indian philosophy. (Record no. 72195)

MARC details
000 -LEADER
fixed length control field 00645nam a22002411 4500
001 - CONTROL NUMBER
control field sa 67000763
003 - CONTROL NUMBER IDENTIFIER
control field DLC
005 - DATE AND TIME OF LATEST TRANSACTION
control field 20260227112317.0
008 - FIXED-LENGTH DATA ELEMENTS--GENERAL INFORMATION
fixed length control field 740123s1966 ii b 00000 eng
010 ## - LIBRARY OF CONGRESS CONTROL NUMBER
LC control number sa 67000763
025 ## - OVERSEAS ACQUISITION NUMBER
Overseas acquisition number PL480:I-E-6001
043 ## - GEOGRAPHIC AREA CODE
Geographic area code a-ii---
050 0# - LIBRARY OF CONGRESS CALL NUMBER
Classification number B131
Item number .P28
082 ## - DEWEY DECIMAL CLASSIFICATION NUMBER
Classification number 181.4
100 10 - MAIN ENTRY--PERSONAL NAME
Personal name Pandeya, Ram Chandra.
245 12 - TITLE STATEMENT
Title A panorama of Indian philosophy.
250 ## - EDITION STATEMENT
Edition statement [1st ed.]
260 0# - PUBLICATION, DISTRIBUTION, ETC.
Place of publication, distribution, etc. Delhi,
Name of publisher, distributor, etc. Motilal Banarsidass
Date of publication, distribution, etc. [1966]
300 ## - PHYSICAL DESCRIPTION
Extent xiv, 223 p.
Dimensions 22 cm.
504 ## - BIBLIOGRAPHY, ETC. NOTE
Bibliography, etc. note "Books suggested for further reading": p. [219]
504 ## - BIBLIOGRAPHY, ETC. NOTE
Bibliography, etc. note "Texts": p. [220]
650 #0 - SUBJECT ADDED ENTRY--TOPICAL TERM
Topical term or geographic name entry element Philosophy, Indic.

No items available.

Powered by Koha